000 00274nam a22001337a 4500
003 SGT
082 _a510,KAU
100 _aKAUR, H
245 _aCHROMATOGRAPHY
260 _aNEW DELHI
_bPRAGATI PRAKASHAN
_c2016
300 _a156
650 _aMATHEMATICS
942 _2ddc
_cFPS
999 _c10005
_d10005